Introducción a la ecología del bentos marino

Gespeichert in:
Bibliographische Detailangaben
1. Verfasser: Vegas Vélez, Manuel (VerfasserIn)
Format: Buch
Sprache:Spanisch
Veröffentlicht: Washington, D.C OEA 1971
Schriftenreihe:Serie de Biología, 9
Schlagworte:
Tags: Tag hinzufügen
Keine Tags, Fügen Sie den ersten Tag hinzu!

MARC

LEADER 00000nam a2200000 a 4500
001 UCU2962
003 CL-VaPUC
008 960502e19710000US |||||||||||||||||spa|d
082 0 4 |a 577.7  |b VEG  |2 21 
100 0 |a Vegas Vélez, Manuel  |e author  |9 359579 
245 1 0 |a Introducción a la ecología del bentos marino 
300 |a 91 p 
942 |c BK 
945 |d 19960502 00:00:00  |a rleighto 
260 |a Washington, D.C  |b OEA  |c 1971 
650 0 |a Ecosistemas acuáticos   |9 343699 
650 7 |a MOVIMIENTO DE LAS AGUAS  |2 CL-VaPUC  |9 359580 
650 0 |a Genética vegetal  |9 264341 
650 0 |a Litoral   |9 331391 
650 0 |a Costas  |9 261336 
650 0 |a Estuarios  |9 326749 
583 |a last modification  |c 20171031 11:00:11  |k Rodrigo Vera 
490 0 |a Serie de Biología, 9 
999 |c 247116  |d 247114 
952 |0 0  |1 0  |4 0  |6 577_700000000000000_VEG_1971  |7 0  |8 CCM  |9 262725  |a BIBCUR  |b BIBCUR  |d 2019-11-19  |i 2859939  |o 577.7 VEG 1971  |p 2859939  |r 2025-04-22  |w 2019-11-19  |y BK  |k RNT